Szczegóły MARC21

Psychologiczno-społeczne podstawy propagandy : problemy teorii, metod i praktyki propagandy : praca zbiorowa / pod red. nauk. Czesława Matusewicza ; aut. Aleksander Frydrychowicz [et al.] ; Wyższa Szkoła Nauk Społecznych przy KC PZPR. Instytut Nauki o Partii.

003 -Nazwa inst., której nr kontr. jest w polu 001 [,]
    • @
    • Nazwa instytucji, której n kontrolny jest w polu 001
    • NUKAT
005 -DATA I CZAS OSTATNIEJ MODYFIKACJI [,]
    • @
    • pole kontrolne
    • 20241231112453.0
040 -Instytucja sporządzająca opis [ , ]
    • a
    • Instytucja, która sporządziła opis (NP)
    • KR 253/MH
    • c
    • Instytucja, która sporządziła rekord (NP)
    • KR 253/MHc
    • d
    • Instytucja, która zmodyfikowała rekord (P)
    • KR 253/MH
942 -Rodzaj dokumentu [ , ]
    • c
    • Rodzaj dokumentu
    • Książka
245 -Strefa tytułu i oznaczenia odpowiedzialności [0,0]
    • a
    • Tytuł
    • Psychologiczno-społeczne podstawy propagandy : Find
    • b
    • Ciąg dalszy tytułu (NP)
    • problemy teorii, metod i praktyki propagandy : praca zbiorowa / pod red. nauk. Czesława Matusewicza ; aut. Aleksander Frydrychowicz [et al.] ; Wyższa Szkoła Nauk Społecznych przy KC PZPR. Instytut Nauki o Partii. Find
260 -Strefa adresu wydawniczego [ , ]
    • a
    • Miejsce wydania (P)
    • Warszawa :
    • b
    • Nazwa wydawcy (P)
    • WSNS,
    • c
    • Data wydania (P)
    • 1979.
300 -Strefa opisu fizycznego [ , ]
    • a
    • Określenie formy książki i/lub objętość (NP)
    • 356 s. :
    • b
    • Oznaczenie ilustracji (NP)
    • il. ;
    • c
    • Format (NP)
    • 24 cm.
336 -Typ zawartości [ , ]
    • a
    • Termin opisujący typ zawartości
    • Tekst
    • b
    • Kod określający zawartość
    • txt
    • 2
    • Źródło (terminu i kodu)
    • rdacontent
337 -Typ mediów [ , ]
    • a
    • Tryb odtwarzania
    • Bez urządzenia pośredniczącego
    • b
    • Kod typu mediów
    • n
    • 2
    • Źródło (terminu i kodu)
    • rdamedia
338 -Typ/rodzaj nośnika [ , ]
    • a
    • Hasło opisujące typ nośnika
    • Wolumin
    • b
    • Kod typu nośnika
    • nc
    • 2
    • Źródło (terminu i kodu)
    • rdacarrier
380 -Deskryptor - Forma dzieła (P) [ , ]
    • a
    • forma dzieła (NP)
    • Książki
380 -Deskryptor - Forma dzieła (P) [ , ]
    • a
    • forma dzieła (NP)
    • Publikacje dydaktyczne
380 -Deskryptor - Forma dzieła (P) [ , ]
    • a
    • forma dzieła (NP)
    • Publikacje naukowe
385 -Deskryptor - grupa odbiorców (P) [ , ]
    • m
    • wyrażenie wprowadzające (NP)
    • Poziom nauczania
    • a
    • termin określający odbiorcę (P)
    • Szkoły wyższe
500 -Uwaga ogólna [ , ]
    • a
    • Uwaga ogólna (NP)
    • Do użytku wewnętrznego.
080 -Uniwersalna Klasyfikacja Dziesiętna [ , ]
    • a
    • Symbol klasyfikacji
    • 316.64
    • 9
    • UKD
    • 2824
    • 2
    • Identyfikator wydania tablic
    • UDC-P058
    • b
    • Dopowiedzenie
    • Postawy społeczne. Poglądy. Świadomość społeczna. System przekonań. Przyciąganie. Unikanie. Frustracja. Uczucia społeczne i aspołeczne. Tolerancja. Nietolerancja. Konformizm. Nonkonformizm. Fatalizm. Dogmatyzm. Fanatyzm. Uprzedzenia. Dyskryminacja.
080 -Uniwersalna Klasyfikacja Dziesiętna [ , ]
    • a
    • Symbol klasyfikacji
    • :159.9
080 -Uniwersalna Klasyfikacja Dziesiętna [ , ]
    • a
    • Symbol klasyfikacji
    • :32.019.5
650 -Hasło przedmiotowe [ ,7]
    • a
    • Hasło przedmiotowe
    • Socjotechnika
    • 2
    • Źródło terminu
    • DBN
    • 9
    • KHW
    • 726302
650 -Hasło przedmiotowe [ ,7]
    • a
    • Hasło przedmiotowe
    • Propaganda
    • 2
    • Źródło terminu
    • DBN
    • 9
    • KHW
    • 725585
655 -Hasło w funkcji tematu formalnego [ ,7]
    • a
    • Hasło
    • Podręcznik
    • 2
    • Źródło terminu
    • DBN
    • 9
    • KHW
    • 720960
658 -Ujęcie treści [ , ]
    • a
    • dziedzina nauki i sztuki/ sfera aktywności życiowej
    • Psychologia
658 -Ujęcie treści [ , ]
    • a
    • dziedzina nauki i sztuki/ sfera aktywności życiowej
    • Edukacja i pedagogika
980 -Symbol UKD [ , ]
    • a
    • UKD
    • 316.64:159.9:32.019.5
700 -Hasło dodatkowe - nazwa osobowa [1, ]
    • a
    • Nazwa osobowa (NP)
    • Matusewicz, Czesław Find
    • d
    • Daty biograficzne (NP)
    • (1931- ).
    • e
    • Określenie rodzaju współpracy
    • Red.
    • 9
    • KHW
    • 492115
700 -Hasło dodatkowe - nazwa osobowa [1, ]
    • a
    • Nazwa osobowa (NP)
    • Frydrychowicz, Aleksander Find
    • d
    • Daty biograficzne (NP)
    • ( -2013).
    • 9
    • KHW
    • 588458
710 -Hasło dodatkowe - nazwa ciała zbiorowego [2, ]
    • a
    • Nazwa ciała zbiorowego lub nazwa geograficzna jako pierwszy element (NP)
    • Wyższa Szkoła Nauk Społecznych przy KC PZPR.
    • 4
    • Kod relacji
    • pbl
    • 9
    • KHW
    • 346089
Data inwentaryzacji Lokalizacja Status udost. Numer inwentarzowy
2003-10-23BG1Pd.15641